000 00453nab a2200145Ia 4500
003 ES-SlBCS
005 20210601133030.0
008 140529s1984 xxu||||| |||| 00| 0 ita d
041 _aita
100 1 _aCassottana, Olga
_9201561
245 0 0 _aL'orientamento nella scuola secondaria superiore
_c Olga Cassottana
650 0 4 _aEscuela Secundaria
_9201562
773 0 _tRassegna di Pedagogia
_gvol. 42, nº. 3-4, 1984, págs. 205-224
_wRev924
942 _cAR
999 _c589602
_d589602